| 000 | 00762nam a2200229 a 4500 | ||
|---|---|---|---|
| 005 | 20220611063701.0 | ||
| 008 | 030305s1994 mx r 000 0 spa d | ||
| 020 | _a8487767214 | ||
| 035 | _aUPN01000122506 | ||
| 049 | _aCG | ||
| 050 | 4 |
_aPE1128 _bA2 G4.4 |
|
| 100 | 1 | _aGarcía Arreza, Miguel | |
| 245 | 1 | 3 |
_aLa lengua inglesa en la educación primaria / _cMiguel García Arreza, Joaquín Jesús Segura Báez, María Dolores Zamora Navas. |
| 260 |
_aMálaga, Esp. : _bAljibe, _c1994. |
||
| 300 | _a370 p. | ||
| 440 | 0 | _aBiblioteca de educación | |
| 650 | 4 |
_aInglés _xEstudio y enseñanza (Elemental) _95087 |
|
| 700 | 1 |
_aSegura Báez, Joaquín Jesús, _ecoaut. |
|
| 700 | 1 |
_aZamora Navas, María Dolores, _ecoaut. |
|
| 902 | _aBDV/rrl. | ||
| 905 | _aLibro | ||
| 999 |
_c94694 _d94694 |
||